=LDR 00000nam 2200000 4500 =001 INLIS000000000003496 =005 20250314104342 =035 ##$$a 0010-0325000212 =007 ta =008 250314################g##########e#ind## =082 ##$$a 306.850 202 =084 ##$$a 306.850 202 BAD p =245 1#$$a Petunjuk Teknis Penyelenggaraan program integrasi /$c BKKBN =260 ##$$a Surabaya :$b BKKBN,$c 2010 =300 ##$$a 38 halm : $b - ; $c 21 cm =650 #4$$a Keluarga Berencana =110 #$$a Badan Koordinasi Keluarga Berencana Nasional =520 ##$$a Berisi penjelasan tentang petunjuk teknis penyelenggaraan =856 ##$$a Perpustakaan UPT Balai Diklat KKB Jember